Working multisectorally in nutrition : (Record no. 18440)

000 -LEADER
fixed length control field 00584cam a22001814a 4500
020 ## - INTERNATIONAL STANDARD BOOK NUMBER
ISBN 9780896291812 (pbk.)
040 ## - CATALOGING SOURCE
Transcribing agency DLC
082 00 - DEWEY DECIMAL CLASSIFICATION NUMBER
Classification number 363 INT 2010 C145 Or.
245 00 - TITLE STATEMENT
Title Working multisectorally in nutrition :
Remainder of title principles, practices, and case studies /
260 ## - PUBLICATION, DISTRIBUTION, ETC. (IMPRINT)
Place of publication Washington, D.C. :
Name of publisher International Food Policy Research Institute,
Year of publication c2011.
300 ## - PHYSICAL DESCRIPTION
Number of Pages xxi, 205 p. :
Other physical details ill., maps ;
Dimensions 23 cm.
650 #0 - SUBJECT ADDED ENTRY--TOPICAL TERM
Topical Term Nutrition policy.
650 #0 - SUBJECT ADDED ENTRY--TOPICAL TERM
Topical Term Nutrition policy
650 #0 - SUBJECT ADDED ENTRY--TOPICAL TERM
Topical Term Nutrition policy
700 1# - ADDED ENTRY--PERSONAL NAME
Personal name Garrett, James L.
700 1# - ADDED ENTRY--PERSONAL NAME
Personal name Natalicchio, Marcela.
942 ## - ADDED ENTRY ELEMENTS (KOHA)
Koha item type ADB
952 ## - LOCATION AND ITEM INFORMATION (KOHA)
Withdrawn status [LOCAL, KOHA] 0
952 ## - LOCATION AND ITEM INFORMATION (KOHA)
Withdrawn status [LOCAL, KOHA] 0
Holdings
Source of acquisition Permanent Location Date acquired Koha item type Lost status Shelving location Current Location Full call number
A38856Library Block C2019-12-02សៀវភៅភាសាអង់គ្លេស A145Library Block C363 INT 2010 C145 Or.
A38856Library Block C2019-12-02សៀវភៅភាសាអង់គ្លេស A145Library Block C363 INT 2010 C145 Or.
មជ្ឈមណ្ឌលឯការនៃសាកលវិទ្យាល័យភូមិន្ទកសិកម្មចំការដូង

Powered by Koha